Loading...
Religion | 0 | 3 | 0 | 1 | 30 | 48 | 100.33 | 3 | 3 |
Science - Other Science | 0 | 3 | 1 | 0 | 25 | 63 | 85.33 | 2 | 3 |
History - American History | 0 | 1 | 0 | 1 | 10 | 126 | 126.00 | 1 | 1 |
History - Other History | 0 | 1 | 0 | 0 | 10 | 79 | 79.00 | 1 | 1 |
Literature - European Literature | 0 | 1 | 0 | 1 | 10 | 142 | 142.00 | 1 | 1 |
Philosophy | 0 | 1 | 0 | 0 | 10 | 137 | 137.00 | 1 | 1 |
Social Science | 0 | 1 | 0 | 0 | 10 | 87 | 87.00 | 0 | 1 |
Geography | 0 | 1 | 0 | 1 | 10 | 86 | 86.00 | 1 | 1 |
Science - Biology | 0 | 0 | 1 | 0 | -5 | 0.00 | 0 | 0 | |
Science - Physics | 0 | 0 | 1 | 0 | -5 | 0.00 | 0 | 0 | |
Fine Arts - Other Fine Arts | 0 | 0 | 1 | 0 | -5 | 0.00 | 0 | 0 |